| 000 | 01321nam a2200349 a 4500 | ||
|---|---|---|---|
| 001 | dia_5495 | ||
| 003 | CHAP | ||
| 005 | 20250908093926.0 | ||
| 007 | ta | ||
| 008 | 220117s1991 mx adb f 001 0 spa d | ||
| 040 |
_cCHAP _amxchpua |
||
| 090 |
_aT.C.118 _bC87 SAI _c1991 |
||
| 245 | 1 | 0 |
_aCurso teórico práctico de sistemas agroindustriales : sistemas lácteos / _ccoordinador Amilcar Renan Mejenes Quijano...[y otros] ; colaborador Pablo Aguilar Flores...[y otros] |
| 260 |
_aMéxico : _bEl autor, _c1991 |
||
| 300 |
_acerca 200 hojas : _bilustraciones, tablas, gráficas, mapas |
||
| 336 |
_2rdacontent _atexto _btxt |
||
| 337 |
_2rdamedia _asin medio _bn |
||
| 338 |
_2rdacarrier _avolumen _bnc |
||
| 500 | _aGrado : 7° año Grupo : A,B | ||
| 502 |
_aViaje de estudios _b(SAI) -- _cUACh. Departamento de Ingeniería Agroindustrial, _d1991 |
||
| 504 | _aIncluye bibliografías | ||
| 650 | 1 | 0 |
_aIndustria láctea _zMéxico _zJalisco _9158692 |
| 650 | 1 | 0 |
_aMilk industry _zMexico _zJalisco _9154202 |
| 700 | 1 |
_aAguilar Flores, Pablo _ecolaborador _92701 |
|
| 700 | 1 |
_aMejenes Quijano, Amilcar Renán _9147387 _ecoordinador |
|
| 901 | _aT.C.118 C87 SAI 1991 | ||
| 902 | _aM | ||
| 905 | _a5332271991 mx nbm 8222223322spa16 | ||
| 942 | _2local | ||
| 942 | _cVE | ||
| 999 |
_c176424 _d176424 |
||